Entry Personal Name
Number of records used in: 1
001 - CONTROL NUMBER
003 - CONTROL NUMBER IDENTIFIER
005 - DATE AND TIME OF LATEST TRANSACTION
- control field:
20220723122236.0
008 - FIXED-LENGTH DATA ELEMENTS
- fixed length control field:
050328n| azannaabn |n aaa
010 ## - LIBRARY OF CONGRESS CONTROL NUMBER
- LC control number:
n 2005022345
040 ## - CATALOGING SOURCE
- Original cataloging agency:
DLC
- Language of cataloging:
eng
- Description conventions:
rda
- Transcribing agency:
DLC
- Modifying agency:
DLC
100 1# - HEADING--PERSONAL NAME
- Personal name:
Steinbach, Michael
670 ## - SOURCE DATA FOUND
- Source citation:
Tan, Pang-Ning. Introduction to data mining, 2005:
- Information found:
ECIP t.p. (Michael Steinbach)
670 ## - SOURCE DATA FOUND
- Source citation:
Introduction to data mining, 2018:
- Information found:
ECIP t.p. (Michael Steinbach, University of Minnesota)